00673nam a2200229Ia 4500008004100000020001800041082001800059100001800077245006800095250000900163260002500172300001700197650004200214650003700256650002300293650002400316650002500340700001600365700002000381700002200401700002000423220501s2018 xx 000 0 eng d a9789332568853 a658.403 REN-Q aRender, Barry 0aQuantitative analysis for managementcBarry Render ... [et al.] a12th aNoidabPearsonc2018 axviii, 621p. aDecision making - Mathematical models aManagement - Statistical methods aManagement science aOperations research aStatistical decision aBadri, T.N. aHale, Trevor S. aHanna, Michael E. aStair, Ralph M.